000 00670nam a22001937a 4500
005 20241211162850.0
010 _aDEC24SC ENG-142961
020 _a9789364685797
_c899.00
035 _aEN-126493
037 _bDBAD
082 _a000
_2Revised
100 _aAggarwal, R.S.
_975027
245 _aA Modern Approach to Verbal & Non-Verbal Reasoning/
_cBy R.S. Aggarwal
250 _aRevised
260 _aNew Delhi
_bS Chand and Company Limited
_c2025
270 _a A-27, 2nd Floor, Mohan Co-operative Industrial Estate
_bNew Delhi
_e110044
_minfo@schandpublishing.com
_k011-49731800
300 _avpp.
_c26cm(pb)
942 _2ddc
_cEN
_h000
_mAGG
_eRevised
999 _c207620
_d207620